| 000 | 00826nam a2200229 4500 | ||
|---|---|---|---|
| 001 | 122064 | ||
| 003 | ES-MaACL | ||
| 005 | 20250909225051.0 | ||
| 007 | t| | ||
| 008 | 070214s1970 sp r ||||1| spa d | ||
| 245 | 0 | 0 |
_aPoemas / _cde Josemilio Cerro Ramos, Fanny Rubio, María Elena Esteva Santos, José Mª Bermejo Jiménez, Santiago Pélaez Ruiz-Fornells. |
| 260 |
_aMadrid : _bUniversidad, _c1970. |
||
| 300 |
_a100 p. ; _c20 cm. |
||
| 700 | 1 |
_aEsteve Santos, María Elena. _948149 |
|
| 700 | 1 |
_aPeláez Ruiz-Fornells, Santiago. _990018 |
|
| 700 | 1 |
_aRubio, Fanny, _d1949- _9100343 |
|
| 700 | 0 |
_aBermejo, José María, _d1947- _928089 |
|
| 700 | 1 |
_aCerro Ramos, Josemilio. _937571 |
|
| 710 | 2 |
_aUniversidad Central (Madrid) _97084 |
|
| 852 |
_aES-MaACL _jC-50129 _bR.73859 |
||
| 999 |
_c122064 _d122064 |
||